Movies Featuring Classical Music - Statistics

General Stats
  • This quiz has been taken 547 times
    532 since last reset
  • The average score is 9 of 22
Answer Stats
Hint Answer % Correct
Swan Lake - Tchaikovsky Black Swan
92%
The Sorcerer’s Apprentice - Paul Dukas Fantasia
74%
Goldberg Variations - JS Bach The Silence of the Lambs
69%
Ride of the Valkyries - Wagner Apocalypse Now
65%
Ballade No. 1 in G Minor - Chopin The Pianist
64%
Requiem - Mozart Amadeus
62%
La traviata - Verdi Pretty Woman
62%
Symphony No. 9 ‘Ode to Joy’ - Beethoven A Clockwork Orange
53%
Menuet Célèbre - Boccherini Ferris Bueller’s Day Off
40%
Adagio for Strings - Barber Platoon
39%
Also sprach Zarathustra - R. Strauss 2001: A Space Odyssey
36%
Clare de lune - Debussy Ocean's 11
32%
Cavalleria Rusticana: Intermezzo - Mascagni Raging Bull
31%
Boléro - Ravel 10
29%
Rhapsody in Blue - Gershwin Manhattan
26%
The Gnossiennes - Satie Chocolat
25%
La mamma morta - Giordano Philadelphia
24%
Flight of the Bumblebee - Rimsky-Korsakov Shine
24%
Moonlight Sonata - Beethoven Immortal Beloved
11%
Tristan und Isolde Prelude - Wagner Melancholia
11%
Piano Concerto No. 2 - Rachmaninoff Brief Encounter
9%
Overture to La forza del destino - Verdi Jean de Florette
2%
No matching quizzes found
Score Distribution
Percent of People with Each Score
Percentile by Number Answered
Your Score History
You have not taken this quiz since the last reset